Viajes por el interior de la América meridional. Traducido de la 2a. edición francesa de 1824

I tiakina i:
Ngā taipitopito rārangi puna kōrero
Kaituhi matua: Mellet, Julian (autor)
Hōputu: Pukapuka
Reo:Pāniora
I whakaputaina: Santiago Imprenta i encuadernación Universitaria 1900
Putanga:2a. ed
Ngā marau:
Ngā Tūtohu: Tāpirihia he Tūtohu
Kāore He Tūtohu, Me noho koe te mea tuatahi ki te tūtohu i tēnei pūkete!

MARC

LEADER 00000nam a2200000 a 4500
001 UCJ3557
003 CL-VaPUC
008 070124e19000000CL |||||||||||||||||spa|d
082 0 4 |a 910.4  |b MEL  |2 21 
100 |a Mellet, Julian  |e autor  |9 505494 
245 1 0 |a Viajes por el interior de la América meridional. Traducido de la 2a. edición francesa de 1824 
250 |a 2a. ed 
300 |a 410 p 
942 |c BK 
945 |d 20070124 00:00:00  |a rinostro 
260 |a Santiago  |b Imprenta i encuadernación Universitaria  |c 1900 
650 0 |a Viajes  |9 257115 
650 0 |a Naufragios  |9 317857 
650 0 |a Esclavos  |9 258558 
650 7 |a FAUNA  |2 CL-VaPUC  |9 349523 
650 0 |a Cultura  |9 269059 
650 0 |a Minería  |9 326008 
651 0 |a Uruguay  |9 255194 
651 0 |a Argentina  |9 254888 
651 0 |a Paraguay  |9 255336 
651 7 |a CHILE  |2 CL-VaPUC  |9 505495 
651 0 |a Ecuador  |9 258378 
651 0 |a Colombia  |9 256424 
651 7 |a BARRIO ALMENDRAL  |2 CL-VaPUC  |9 505496 
651 0 |a Quillota  |9 265145 
651 0 |a Valparaíso, Chile  |9 261144 
583 |a last modification  |c 20070124 00:00:00  |k Rodrigo Vera 
999 |c 319679  |d 319677 
952 |0 0  |1 0  |4 0  |6 910_400000000000000_MEL_1900  |7 0  |8 X  |9 398041  |a FDOBUD  |b FDOBUD  |d 2019-11-22  |i 1026984  |o 910.4 MEL 1900  |p 1026984  |r 2019-11-22  |w 2019-11-22  |y BK_X  |k BUD